Cátedra de derecho bancario colombiano / (Registro nro. 5778)

Detalles MARC
000 -LEADER
fixed length control field 01065nam a2200265Ia 4500
003 - CONTROL NUMBER IDENTIFIER
control field OSt
005 - DATE AND TIME OF LATEST TRANSACTION
control field 20200819190911.0
008 - FIXED-LENGTH DATA ELEMENTS--GENERAL INFORMATION
fixed length control field 191128s2004 ck fr 000 0 spa d
020 ## - INTERNATIONAL STANDARD BOOK NUMBER
International Standard Book Number 9586533689
040 ## - CATALOGING SOURCE
Original cataloging agency CO-JMCR
Transcribing agency CO-JMCR
041 0# - LANGUAGE CODE
Language code of text/sound track or separate title spa
082 04 - DEWEY DECIMAL CLASSIFICATION NUMBER
Classification number 346.082 /
Item number M376c
Edition number 23
100 1# - MAIN ENTRY--PERSONAL NAME
Personal name Martínez Neira, Néstor Humberto,
Relator term autor
9 (RLIN) 8973
245 10 - TITLE STATEMENT
Title Cátedra de derecho bancario colombiano /
Statement of responsibility, etc. Néstor Humberto Martínez Neira
250 ## - EDITION STATEMENT
Edition statement Segunda edición
260 ## - PUBLICATION, DISTRIBUTION, ETC.
Place of publication, distribution, etc. Bogotá :
Name of publisher, distributor, etc. Legis,
Date of publication, distribution, etc. 2004
300 ## - PHYSICAL DESCRIPTION
Extent xxxii, 774 páginas ;
Dimensions 24 cm.
490 0# - SERIES STATEMENT
Series statement Literatura jurídica
504 ## - BIBLIOGRAPHY, ETC. NOTE
Bibliography, etc. note Bibliografía: páginas 769-774
505 0# - FORMATTED CONTENTS NOTE
Formatted contents note Introducción al derecho bancario -- Las fuentes formales del derecho bancario -- Intervención estatal en el sector financiero -- Autoridades bancarias -- Sistemas bancarios -- Instituciones bancarias o financieras
650 14 - SUBJECT ADDED ENTRY--TOPICAL TERM
Topical term or geographic name entry element Derecho bancario
Geographic subdivision Colombia
9 (RLIN) 8990
650 14 - SUBJECT ADDED ENTRY--TOPICAL TERM
Topical term or geographic name entry element Instituciones financieras
Geographic subdivision Colombia
9 (RLIN) 8991
650 14 - SUBJECT ADDED ENTRY--TOPICAL TERM
Topical term or geographic name entry element Sistema financiero
General subdivision legislación
Geographic subdivision Colombia
9 (RLIN) 8992
942 ## - ADDED ENTRY ELEMENTS (KOHA)
Source of classification or shelving scheme Dewey Decimal Classification
Koha item type Books
Existencias
Withdrawn status Lost status Source of classification or shelving scheme Damaged status Not for loan Collection code Home library Current library Date acquired Source of acquisition Full call number Barcode Date last seen Copy number Koha item type
    Dewey Decimal Classification     Non-fiction Biblioteca Pública José María del Castillo y Rada Biblioteca Pública José María del Castillo y Rada 04/15/2018 Donación 346.082 / M376c 430008829 05/16/2024 Ej.1 Books